000 01257nam a2200277Ia 4500
001 18134
003 GE_BSU
008 181216s||||||||xx |||||||||||||| ||und||
020 _a552000403X ISSN 0137-0073
040 _cGE_BSU
080 _a811.353.1'282
245 _aაჭარული დიალექტის დარგობრივი ლექსიკა. კრ. 7.
245 _bსტატიების კრებული
245 _cრედ. შ.ძიძიგური
250 _aსაქ. სსრ მეცნ. აკად., ბათუმის სამეცნ.-კვლევ. ინ-ტი.
260 _aთბილისი
260 _bმეცნიერება
260 _c1990
300 _a126 გვ. 21 სმ.
520 _aრეზ. რუს. ენ.. - ბიბლიოგრ. ტექსტ. შენიშვნ.
541 _h4ლ.
653 _aაჭარული დიალექტის დარგობრივი ლექსიკა
653 _aქართული ენის დიალექტები; აჭარული დიალექტი
653 _aქართული ენის ლექსიკა
942 _cBK
999 _c51175
_d51175